Premier League top six Quiz Stats

 Plays Quiz not verified by Sporcle

Support Sporcle.
Go Orange.
Score 0/174 Timer 07:00
8 Plays Today
Season Club % Correct
1992/93Manchester United
99.6%
1993/94Manchester United
99.6%
1994/95Manchester United
99.6%
1995/96Manchester United
99.6%
1996/97Manchester United
99.6%
1997/98Manchester United
99.6%
1998/99Manchester United
99.6%
1999/2000Manchester United
99.6%
2000/01Manchester United
99.6%
2001/02Manchester United
99.6%
2002/03Manchester United
99.6%
2003/04Manchester United
99.6%
2004/05Manchester United
99.6%
2005/06Manchester United
99.6%
2006/07Manchester United
99.6%
2007/08Manchester United
99.6%
2008/09Manchester United
99.6%
2009/10Manchester United
99.6%
2010/11Manchester United
99.6%
2011/12Manchester United
99.6%
2012/13Manchester United
99.6%
2014/15Manchester United
99.6%
2015/16Manchester United
99.6%
2016/17Manchester United
99.6%
2017/18Manchester United
99.6%
2018/19Manchester United
99.5%
2019/20Manchester United
99.5%
2020/21Manchester United
99.5%
2020/21Manchester City
99.3%
2018/19Manchester City
99.2%
2019/20Manchester City
99.2%
2018/19Liverpool
99.2%
2019/20Liverpool
99.2%
2009/10Manchester City
99.2%
2010/11Manchester City
99.2%
2011/12Manchester City
99.2%
2012/13Manchester City
99.2%
2013/14Manchester City
99.2%
2014/15Manchester City
99.2%
2015/16Manchester City
99.2%
2016/17Manchester City
99.2%
2017/18Manchester City
99.2%
1993/94Arsenal
99.1%
1995/96Arsenal
99.1%
1996/97Arsenal
99.1%
1997/98Arsenal
99.1%
1998/99Arsenal
99.1%
1999/2000Arsenal
99.1%
2000/01Arsenal
99.1%
2001/02Arsenal
99.1%
2002/03Arsenal
99.1%
2003/04Arsenal
99.1%
2004/05Arsenal
99.1%
2005/06Arsenal
99.1%
2006/07Arsenal
99.1%
2007/08Arsenal
99.1%
2008/09Arsenal
99.1%
2009/10Arsenal
99.1%
Season Club % Correct
2010/11Arsenal
99.1%
2011/12Arsenal
99.1%
2012/13Arsenal
99.1%
2013/14Arsenal
99.1%
2014/15Arsenal
99.1%
2015/16Arsenal
99.1%
2016/17Arsenal
99.1%
2017/18Arsenal
99.1%
2020/21Liverpool
99.1%
2018/19Arsenal
99.1%
1996/97Chelsea
99%
1997/98Chelsea
99%
1998/99Chelsea
99%
1999/2000Chelsea
99%
2000/01Chelsea
99%
2001/02Chelsea
99%
2002/03Chelsea
99%
2003/04Chelsea
99%
2004/05Chelsea
99%
2005/06Chelsea
99%
2006/07Chelsea
99%
2007/08Chelsea
99%
2008/09Chelsea
99%
2009/10Chelsea
99%
2010/11Chelsea
99%
2011/12Chelsea
99%
2012/13Chelsea
99%
2013/14Chelsea
99%
2014/15Chelsea
99%
2016/17Chelsea
99%
2017/18Chelsea
99%
2020/21Chelsea
99%
1992/93Liverpool
98.9%
1994/95Liverpool
98.9%
1995/96Liverpool
98.9%
1996/97Liverpool
98.9%
1997/98Liverpool
98.9%
1999/2000Liverpool
98.9%
2000/01Liverpool
98.9%
2001/02Liverpool
98.9%
2002/03Liverpool
98.9%
2003/04Liverpool
98.9%
2004/05Liverpool
98.9%
2005/06Liverpool
98.9%
2006/07Liverpool
98.9%
2007/08Liverpool
98.9%
2008/09Liverpool
98.9%
2010/11Liverpool
98.9%
2013/14Liverpool
98.9%
2014/15Liverpool
98.9%
2016/17Liverpool
98.9%
2017/18Liverpool
98.9%
2018/19Chelsea
98.9%
2019/20Chelsea
98.9%
2018/19Tottenham
98.6%
2019/20Tottenham
98.6%
2005/06Tottenham
98.5%
2006/07Tottenham
98.5%
Season Club % Correct
2009/10Tottenham
98.5%
2010/11Tottenham
98.5%
2011/12Tottenham
98.5%
2012/13Tottenham
98.5%
2013/14Tottenham
98.5%
2014/15Tottenham
98.5%
2015/16Tottenham
98.5%
2016/17Tottenham
98.5%
2017/18Tottenham
98.5%
2019/20Leicester
97.5%
2020/21Leicester
97.3%
2020/21West Ham
95.7%
2015/16Leicester
95.7%
1995/96Everton
95.6%
2004/05Everton
95.6%
2006/07Everton
95.6%
2007/08Everton
95.6%
2008/09Everton
95.6%
2012/13Everton
95.6%
2013/14Everton
95.6%
1993/94Newcastle
94.3%
1994/95Newcastle
94.3%
1995/96Newcastle
94.3%
1996/97Newcastle
94.3%
2001/02Newcastle
94.3%
2002/03Newcastle
94.3%
2003/04Newcastle
94.3%
2011/12Newcastle
94.3%
1993/94Leeds
91.1%
1994/95Leeds
91.1%
1997/98Leeds
91.1%
1998/99Leeds
91.1%
1999/2000Leeds
91.1%
2000/01Leeds
91.1%
2001/02Leeds
91.1%
1992/93Aston Villa
90.6%
1995/96Aston Villa
90.6%
1996/97Aston Villa
90.6%
1998/99Aston Villa
90.6%
1999/2000Aston Villa
90.6%
2003/04Aston Villa
90.6%
2007/08Aston Villa
90.6%
2008/09Aston Villa
90.6%
2009/10Aston Villa
90.6%
1992/93Blackburn
90.2%
1993/94Blackburn
90.2%
1994/95Blackburn
90.2%
1997/98Blackburn
90.2%
2002/03Blackburn
90.2%
2005/06Blackburn
90.2%
1998/99West Ham
87.8%
2015/16Southampton
78.6%
1992/93Norwich
73.6%
1994/95Nottingham Forest
70.6%
2004/05Bolton
66.2%
2000/01Ipswich
61.6%
1992/93QPR
52.6%
1993/94Wimbledon
48.7%

You're not logged in!

Compare scores with friends on all Sporcle quizzes.
OR
Log In

From the Vault

Somewhere in the Middle (Just For Fun)

by pdigoe

That's easy. 'For' is in the middle.
Remove Ads.
Support Sporcle.
Get the best of Sporcle when you Go Orange. This ad-free experience offers more features, more stats, and more fun while also helping to support Sporcle. Thank you for becoming a member.

Show Comments

Extras

Top Quizzes Today


Score Distribution

Your Account Isn't Verified!

In order to create a playlist on Sporcle, you need to verify the email address you used during registration. Go to your Sporcle Settings to finish the process.

Report this User

Report this user for behavior that violates our Community Guidelines.

Details: